Score 0/20 Timer 04:00
0 Plays Today
Clue 5-Letter Word % Correct
Smiles broadlyGRINS
95.7%
English peopleBRITS
95%
US dish of coarsely ground grainGRITS
93.8%
18th US president; research moneyGRANT
90.8%
Ron Weasley portrayer RupertGRINT
90%
TV's Simpsons kid & Belgian cyclist AernoutsBARTS
89.8%
Remain in one place in the airHOVER
89.7%
Military installationsBASES
89.3%
Relating to shipsNAVAL
88.5%
'Great American' book?NOVEL
88.5%
Clue 5-Letter Word % Correct
Potential piercing siteNAVEL
88.2%
Sounding like one has a coldNASAL
88%
No longer coversBARES
87.5%
Aromatic herbBASIL
86.5%
Entices using trickeryBAITS
86.2%
Wretched dwellingHOVEL
85.9%
Foundation for an ideaBASIS
85.8%
Metabolism descriptorBASAL
83.5%
Splice, in botanyGRAFT
67.1%
Trade requiring artistic skillCRAFT
65.7%

Today's Daily Dose

Remove Ads.
Support Sporcle.
Get the best of Sporcle when you Go Orange. This ad-free experience offers more features, more stats, and more fun while also helping to support Sporcle. Thank you for becoming a member.

You're not logged in!

Compare scores with friends on all Sporcle quizzes.
OR
Log In

Show Comments

Extras

Top Quizzes Today


Score Distribution

Your Account Isn't Verified!

In order to create a playlist on Sporcle, you need to verify the email address you used during registration. Go to your Sporcle Settings to finish the process.

Report this User

Report this user for behavior that violates our Community Guidelines.

Details: